000 00221nam a2200085Ia 4500
245 0 _aCrossing the line
100 _a Philip, Gillian London, 2009
_9102708
942 _cBK
008 210818s9999 xx 000 0 und d
999 _c448500
_d448499